| 000 | 01005nas a2200289 4500 | ||
|---|---|---|---|
| 001 | BR2018001450 | ||
| 003 | BR-BrBNA | ||
| 005 | 20231205131349.0 | ||
| 007 | ta | ||
| 008 | 230509b bl.|||p| |||| 00| 00por d | ||
| 040 |
_aBR-BrBNA _bpor _cBiblioteca Nacional de Agricultura |
||
| 041 | _a(Pt) | ||
| 072 | _aP10; E14; C30 | ||
| 100 | 1 | _aPorras, E.A.A. | |
| 100 | 1 | _aAzevedo, L.M. de | |
| 100 | 1 | _aBorgo, M.Garcia, M. | |
| 245 | 1 | _aSeleção participativa de sub-bacias e priorização de áreas de intervenção em infraestrutura verde utilizando a ferramenta InVEST | |
| 650 | _aRECURSO HÍDRICO | ||
| 650 | _aQUALIDADE DA ÁGUA | ||
| 650 | _aTECNOLOGIA DA INFORMAÇÃO | ||
| 650 | _aFLORESTA | ||
| 650 | _aREGENERAÇÃO | ||
| 650 | _aPOLÍTICAS PÚBLICAS | ||
| 773 | 0 |
_tInforme Agropecuário - Empresa de Pesquisa Agropecuária de Minas Gerais (Brazil) _xISSN 0100-3364 _g(2017), v. 38(300) p. 92-103 _wBR2018001450 |
|
| 909 |
_a202311 _bLúcia _c55 _dLúcia Elande |
||
| 942 |
_2AGRIS _n0 _cANA |
||
| 999 |
_c254406 _d254406 |
||